| 000 | 005010000a22001930004500 | ||
|---|---|---|---|
| 003 | LK-CoMWRAF | ||
| 005 | 20230917210423.0 | ||
| 008 | 230817t1999 ||||| |||| 00| 0 eng d | ||
| 020 | _a1897940890 | ||
| 040 |
_aLK-CoMWRAF _dLK-CoMWRAF _eLK-CoMWRAF |
||
| 041 | _aeng | ||
| 082 |
_a297.122 _bRUQ |
||
| 100 | _aRuqaiyah, Abdullah | ||
| 245 |
_aTrials and tribulation : _bAdvice from the Qur'an and the sunnah |
||
| 260 |
_aLondon : _bTa-Ha, _c2002 |
||
| 300 | _a84p | ||
| 650 | _aQuran | ||
| 942 | _cBK | ||
| 999 |
_c1149 _d1149 |
||